00421nam a22001337a 4500008004100000082001600041110003400057245003200091260003400123300000800157942001200165999001500177952009500192230704b xxu||||| |||| 00| 0 eng d a341.6bIMLU bIndependent medico-legal unit aunder the mask of Democracy bIndependent medico-legal unit a45p 2ddccBK c3760d3760 00102ddc4070a002b002d2023-07-04l0o341.6 IMLUp10011512r2023-07-04w2023-07-04yBK